20 Longest Borders compared to Continent - Statistics

General Stats
  • This quiz has been taken 34 times
  • The average score is 19 of 26
Answer Stats
Country % Correct
Canada
97%
Mexico
97%
United States
97%
Kazakhstan
90%
Russia
90%
Guatemala
86%
Argentina
83%
Bolivia
83%
Brazil
83%
China
83%
Colombia
83%
Indonesia
83%
Papua New Guinea
83%
Ukraine
83%
Chile
79%
Mongolia
79%
Peru
79%
Venezuela
79%
Ecuador
76%
Paraguay
76%
Bangladesh
52%
India
52%
Norway
34%
Sweden
34%
Honduras
24%
Nicaragua
24%
No matching quizzes found
Score Distribution
Percent of People with Each Score
Percentile by Number Answered
Your Score History
You have not taken this quiz